BIBLIOTECA

SENCICO

Informe de la mesa redonda sobre una metodología aplicable en los cursos de Calificación Profesional Extraordinaria (CPE) / (Registro nro. 334)

Detalles MARC
000 -LEADER
fixed length control field 00895nam a2200205Ia 4500
003 - CONTROL NUMBER IDENTIFIER
control field PE SENCICO BE
005 - DATE AND TIME OF LATEST TRANSACTION
control field 20251020182434.0
008 - FIXED-LENGTH DATA ELEMENTS--GENERAL INFORMATION
fixed length control field 200515s9999 xx 000 0 und d
040 ## - CATALOGING SOURCE
Original cataloging agency PE SENCICO BE
Transcribing agency PE SENCICO BE
041 ## - LANGUAGE CODE
Language code of text/sound track or separate title spa
082 ## - DEWEY DECIMAL CLASSIFICATION NUMBER
Classification number 370.113
Item number P4I
110 1# - MAIN ENTRY--CORPORATE NAME
Corporate name or jurisdiction name as entry element Perú.
9 (RLIN) 2677
Subordinate unit Ministerio de Educación.
-- Dirección General de Educación Básica Laboral y Calificación
245 10 - TITLE STATEMENT
Title Informe de la mesa redonda sobre una metodología aplicable en los cursos de Calificación Profesional Extraordinaria (CPE) /
Statement of responsibility, etc. Ministerio de Educación
260 ## - PUBLICATION, DISTRIBUTION, ETC.
Place of publication, distribution, etc. Lima :
Name of publisher, distributor, etc. Ministerio de Educación ;
Date of publication, distribution, etc. 1976
300 ## - PHYSICAL DESCRIPTION
Extent 117 páginas :
Other physical details gráficos ;
Dimensions 29 cm.
500 ## - GENERAL NOTE
General note En la cubierta: realizada con el auspicio de la OEA del 23 al 27 de febrero de 1976 en el CENACAPE-PROMAE-Magdalena
650 10 - SUBJECT ADDED ENTRY--TOPICAL TERM
Topical term or geographic name entry element Formación profesional
9 (RLIN) 1311
650 20 - SUBJECT ADDED ENTRY--TOPICAL TERM
Topical term or geographic name entry element Carpintería
9 (RLIN) 137
942 ## - ADDED ENTRY ELEMENTS (KOHA)
Koha item type Libros
Source of classification or shelving scheme Dewey Decimal Classification
Existencias
Fecha de la última vez que lo usaron Número de ingreso o de inventario Pago total Signatura topográfica completa Código de barras Precio efectivo desde Tipo de documento Estado perdido Sistema de clasificación Estado dañado No es para préstamo Retirado Ubicación permanente Ubicación actual Fecha de adquisición
15/05/2020 9732   370.113/P4I BibLima25030019 15/05/2020 Libros   Dewey Decimal Classification       Biblioteca Central Lima Biblioteca Central Lima 15/05/2020